Normal view
MARC view
- Kuo, Benjamin C
Entry Personal Name
001 - CONTROL NUMBER
- control field: 110471
003 - CONTROL NUMBER IDENTIFIER
- control field: NUST
005 - DATE AND TIME OF LATEST TRANSACTION
- control field: 20230316155122.0
008 - FIXED-LENGTH DATA ELEMENTS
- fixed length control field: 230316|| aca||aabn | a|a d
040 ## - CATALOGING SOURCE
- Original cataloging agency: NUST
- Transcribing agency: NUST
100 ## - HEADING--PERSONAL NAME
- Personal name: Kuo, Benjamin C
670 ## - SOURCE DATA FOUND
- Source citation: Work cat.: (NUST)183849: Kuo, Benjamin C., Analysis and synthesis of sampled-data control systems /, 1963
